Normal view
MARC view
Entry Personal Name
001 - CONTROL NUMBER
- control field: 37186
003 - CONTROL NUMBER IDENTIFIER
- control field: ARRUPE
005 - DATE AND TIME OF LATEST TRANSACTION
- control field: 20171017135959.0
008 - FIXED-LENGTH DATA ELEMENTS
- fixed length control field: 171017|| aca||aabn | a|a d
040 ## - CATALOGING SOURCE
- Original cataloging agency: ARRUPE
- Transcribing agency: ARRUPE
100 ## - HEADING--PERSONAL NAME
- Personal name: Kretzmann, Norman
670 ## - SOURCE DATA FOUND
- Source citation: Work cat.: (ARRUPE)15568: Kretzmann, Norman, The metaphysics of theism